Follow That Line: The Lion King Quiz Stats

 Plays Quiz Updated Mar 1, 2014

     
Support Sporcle.
Go Orange.
Score 0/25 Timer 08:00
0 Plays Today
% Correct
A monkey's uncle.
96.8%
But, Dad, don't we eat the antelope?
94.5%
I laugh in the face of danger. Ha ha ha ha!
89.6%
Before sunrise, he's *your* son.
88.4%
Oh no, not the birdie boiler!
85.2%
I finally got some sense knocked into me. And I've got the bump to prove it.
84.7%
But the way I see it, you can either run from it, or... learn from it.
84.1%
I'd say brownish-gold.
83.4%
'Oh, gee. I always thought they were balls of gas burning billions of miles away.' 'Pumbaa, with you, everything's gas.'
82.9%
Long live the king.
82.7%
Mom! Mom, you're messing up my mane!
81.8%
Disaster's in the air!
81%
I killed Mufasa!
80.9%
% Correct
It's our little secret.
79.3%
LUAU!
79.1%
Nothing, he's at the top of the food chain!
78%
You mean a bunch of royal dead guys are watching us?
77.5%
It means you are a baboon... and I am not.
75.7%
Did I miss something?
75.3%
Oh, I shall have to practice my curtsy.
74.1%
He'd make a very handsome throw rug.
74%
'Ix-nay on the upid-stay.' 'Who you calling upid-stay?'
71.2%
NO! No. *Anything* but that!
59.5%
Ooh! The little cream-filled kind!
55.2%
Didn't your mother ever tell you not to play with your food?
48%

From the Vault

City Skylines II

by Derek

It is never too early to start planning those travel plans for next summer, here is a quiz to get you thinking about some of the prettier skylines to go visit.
Remove Ads.
Support Sporcle.
Get the best of Sporcle when you Go Orange. This ad-free experience offers more features, more stats, and more fun while also helping to support Sporcle. Thank you for becoming a member.

Show Comments

Extras

Top Quizzes Today


Score Distribution

Your Account Isn't Verified!

In order to create a playlist on Sporcle, you need to verify the email address you used during registration. Go to your Sporcle Settings to finish the process.

Report this User

Report this user for behavior that violates our Community Guidelines.

Details: